000 00878nam a22002537a 4500
003 OSt
005 20181018070403.0
008 180320b xxu||||| |||| 00| 0 spa d
020 _a9502007069
040 _cPJ
100 _91899
_aBorda, Alejandro
245 1 3 _aLa teoría de los actos propios /
_cAlejandro Borda; prólogo de la doctora María Josefa Méndez Costa.
250 _a2a. ed. amp. y act.
260 _aBuenos Aires :
_bAbeledo-Perrot,
_c1993.
300 _a158 p.
_c20 cm.
500 _aNotas y citas a pie de página.
500 _aPremio Jorge Joaquín Llambías.
504 _aBibliografía: p. 143-154.
650 0 _91148
_aDERECHO PROCESAL CIVIL
650 0 _92120
_aPRINCIPIOS PROCESALES
650 0 _92532
_aDOCTRINA DE LOS ACTOS PROPIOS
700 _9959
_aMéndez Costa, María Josefa.
_eprologuista
942 _2udc
_cLIB
_h347.91/.95
_iBOR
999 _c1662
_d1662